000 00520nam a2200145 4500
999 _c11451
_d11451
008 181204b ||||| |||| 00| 0 eng d
022 _a2094-8042
082 _aDPer 050 T48 Apr-June 2016 v. 187, n. 12-24
100 _932829
_aEtheridge, Melissa
245 _aLaura Esserman and Shelley Hwang:
_bbreast-cancer doctors who dare to do less/
_cMelissa Etheridge.
260 _aHong Kong;
_bTime Asia,
_cc2016.
300 _av187 n16-17, page 27:
_billustrations;
_c27 cm.
650 0 _932834
_aPhysicians.
942 _2ddc
_cPER